Goa, Daman and Diu: household tables (Record no. 482687)

000 -LEADER
fixed length control field 00407cam a22001217a 4500
008 - FIXED-LENGTH DATA ELEMENTS--GENERAL INFORMATION
fixed length control field 180718b1987 xxu||||| |||| 00| 0 eng d
082 ## - DEWEY DECIMAL CLASSIFICATION NUMBER
Classification number A81x54 In2/81/29/PT8A&B
100 ## - MAIN ENTRY--PERSONAL NAME
Personal name Census of India 1981
245 ## - TITLE STATEMENT
Title Goa, Daman and Diu: household tables
260 ## - PUBLICATION, DISTRIBUTION, ETC.
Place of publication, distribution, etc. Delhi
Name of publisher, distributor, etc. The Controller of Publications
Date of publication, distribution, etc. 1987
300 ## - PHYSICAL DESCRIPTION
Extent 177+p.
440 ## - SERIES STATEMENT/ADDED ENTRY--TITLE
Title Census of India 1981. Series-29, Goa, Daman and Diu. Part VIII A & B
Holdings
Withdrawn status Lost status Damaged status Not for loan Permanent Location Current Location Date acquired Full call number Barcode Date last seen Price effective from Koha item type
        Indian Institute of Public Administration Indian Institute of Public Administration 2018-08-04 A81x54 In2/81/29/PT8A&B G17688 2018-08-04 2018-08-04 G

Powered by Koha